000 00859cab a2200241 4500
001 ABS55229
008 090401t1996 xxu||||| |||| 00| 0 eng d
035 _a(Sirsi) u14966
041 _aeng
245 2 _aA structured participation?
260 _c1996
350 _a0
490 _aEstates Gazette
_v(9620) 18 May 1996, 114-115(2)
520 _aDiscusses the case "Housebuilders Federation Ltd v Royal County of Berkshire" (1996 EGCS 79) which threw into question the desirability and effectiveness of pursuing objections at structure plan examinations in public or local plan inquiries.
650 _aLOCAL PLAN INQUIRIES
650 _aPLANNING AND COMPENSATION ACT 1991
650 _aPUBLIC INQUIRIES
650 _aSELF-CERTIFICATION
650 _aSTRUCTURE PLANS
690 _aPLANNING LAW AND PRACTICE
942 _n0
948 _c04/03/1997
999 _c9773
_d9773